Countries Queen Elizabeth II has made state visits to - Statistics

General Stats
  • This quiz has been taken 254 times
  • The average score is 43 of 73
Answer Stats
Answer % Correct
United States
95%
Germany
92%
Spain
92%
France
90%
Russia
89%
Ireland
87%
Italy
86%
Japan
86%
Portugal
86%
China
85%
Mexico
84%
Sweden
84%
Norway
82%
Belgium
81%
Brazil
81%
Denmark
81%
Poland
81%
Netherlands
80%
Finland
79%
Austria
77%
South Africa
74%
Switzerland
74%
Turkey
74%
India
73%
South Korea
68%
Saudi Arabia
66%
Vatican City
66%
Iceland
65%
Luxembourg
64%
Pakistan
64%
Chile
63%
Indonesia
63%
Morocco
63%
Thailand
62%
Estonia
60%
Hungary
60%
Latvia
60%
Iran
59%
Lithuania
59%
Kenya
56%
Slovakia
56%
United Arab Emirates
56%
Oman
55%
Algeria
53%
Malaysia
53%
Slovenia
52%
Qatar
51%
Bangladesh
49%
Czech Republic
49%
Tunisia
49%
Malta
48%
Singapore
47%
Libya
45%
Ethiopia
44%
Jordan
44%
Bahrain
43%
Kuwait
42%
Tanzania
42%
Sri Lanka
40%
Sudan
38%
Zimbabwe
36%
Nepal
35%
Yugoslavia
35%
Panama
32%
Zambia
32%
Namibia
31%
Botswana
29%
Brunei
28%
Maldives
23%
Malawi
17%
Western Samoa
16%
Liberia
11%
West Germany
10%
No matching quizzes found
Score Distribution
Percent of People with Each Score
Percentile by Number Answered
Your Score History
You have not taken this quiz